000 00867nas a2200289 4500
001 BR2014001119
003 BR-BrBNA
005 20231205123729.0
007 ta
008 230509b bl.|||p| |||| 00| 00por d
040 _aBR-BrBNA
_bpor
_cBiblioteca Nacional de Agricultura
041 _a(En)
072 _aK50
100 1 _aSilva, J.C. da
100 1 _aOliveira, R.C. de
100 1 _aBatalha, L.R.
100 1 _aManfredi, M.
245 1 _aCombination of enzymatic, mechanical and ultrasonic treatments for improvement of the properties of secondary pulps
650 _aPAPEL
650 _aRECICLAGEM
650 _aPOLPA
650 _aATIVIDADE ENZÍMICA
650 _aULTRA-SOM
773 0 _tCerne (Brazil)
_xISSN 0104-7760
_g(Oct-dez 2013), v. 19(4) p. 653-660
_wBR2014001119
909 _a202311
_bLúcia
_c55
_dLúcia Elande
942 _2AGRIS
_n0
_cANA
999 _c235406
_d235406